| 000 | 00481nam a2200133 a 4500 | ||
|---|---|---|---|
| 008 | 120416s1971 ||||||||||||||||| || u | ||
| 050 | _aDS 480 Cra | ||
| 100 | _aCrane, E. A | ||
| 245 | 1 | 4 | _aThe Birth of the Indian nations |
| 260 |
_aLondon _bHeinemann _c1971 |
||
| 300 | _aviii, 56p. : ill. | ||
| 350 | _a0.00 | ||
| 995 |
_D0.00 _FCBU-MAIN LIBRARY (Kitwe) _H1 _I3.95 _M1 _UAVAILABLE _WJul 21, 2006 _ZMain Library Open Access Collection |
||
| 999 |
_c35958 _d35958 |
||